''Als het avond is'' Suzan & Freek (Lyrics) - Statistieken

Algemene statistieken
  • Deze quiz is 24 keer genomen
  • De gemiddelde score is 160 van 273
Antwoordstatistieken
Antwoord % Correct
ik
100%
me
100%
slecht
100%
Soms
100%
voel
100%
Dat
92%
je
92%
niet
92%
zo
92%
meer
83%
vaak
83%
alles
75%
als
75%
avond
75%
Dan
75%
Dat
75%
de
75%
doe
75%
echt
75%
gewoon
75%
hebben
75%
het
75%
het
75%
het
75%
hoe
75%
ik
75%
ik
75%
Ik
75%
ik
75%
Ik
75%
ik
75%
is
75%
is
75%
je
75%
je
75%
kan
75%
kon
75%
kwaad
75%
mis
75%
mis
75%
niet
75%
niet
75%
nu
75%
oh
75%
op
75%
praten
75%
's avonds
75%
stil
75%
tijd
75%
vaak
75%
want
75%
wat
75%
weet
75%
wil
75%
zijn
75%
als
67%
als
67%
als
67%
Bij
67%
dan
67%
dat
67%
de
67%
dit
67%
dit
67%
En
67%
en
67%
Fluister
67%
gaat
67%
het
67%
hoor
67%
ik
67%
ik
67%
je
67%
Je
67%
je
67%
luister
67%
me
67%
Met
67%
mij
67%
misschien?
67%
nacht
67%
niet
67%
nu
67%
praat
67%
raakt
67%
vallen
67%
van
67%
weet
67%
zacht
67%
als
58%
avond
58%
dat
58%
gaan
58%
Geef
58%
gemist
58%
goed
58%
heb
58%
hebben
58%
het
58%
het
58%
het
58%
ik
58%
Ik
58%
inderdaad
58%
is
58%
je
58%
je
58%
'K
58%
kan
58%
komt
58%
laten
58%
maar
58%
me
58%
me
58%
moet
58%
niet
58%
Of
58%
stukjes
58%
toekomst
58%
vaak
58%
Zeg
58%
alles
50%
alles
50%
als
50%
als
50%
als
50%
als
50%
als
50%
als
50%
als
50%
avond
50%
avond
50%
avond
50%
avond
50%
Bij
50%
Bij
50%
dan
50%
dat
50%
dat
50%
dat
50%
de
50%
dit
50%
dit
50%
dit
50%
dit
50%
doe
50%
door
50%
En
50%
en
50%
gaan?
50%
gaan
50%
gaat
50%
Geef
50%
geen
50%
gemist
50%
gewoon
50%
goed
50%
hand
50%
heb
50%
hebben
50%
hebben
50%
hebben
50%
hebben
50%
het
50%
het
50%
het
50%
het
50%
het
50%
het
50%
het
50%
het
50%
het
50%
hoe
50%
Ik
50%
Ik
50%
ik
50%
Ik
50%
ik
50%
ik
50%
ik
50%
Ik
50%
Ik
50%
ik
50%
Ik
50%
in
50%
inderdaad
50%
is
50%
is
50%
is
50%
is
50%
is
50%
is
50%
je
50%
je
50%
je
50%
je
50%
Je
50%
je
50%
je
50%
je
50%
je
50%
jij
50%
Jouw
50%
'K
50%
kan
50%
kan
50%
kan
50%
kan
50%
klaar
50%
komt
50%
laten
50%
luister
50%
maar
50%
me
50%
me
50%
me
50%
me
50%
mijne
50%
mis
50%
mis
50%
misschien?
50%
moet
50%
niet
50%
niet
50%
niet
50%
niet
50%
niet
50%
niet
50%
niet
50%
Nu
50%
Of
50%
Of
50%
Oh
50%
Oh
50%
om
50%
ook?
50%
praat
50%
raakt
50%
's avonds
50%
's avonds
50%
seconde
50%
sta
50%
stukjes
50%
te
50%
te
50%
toekomst
50%
twijfel
50%
vaak
50%
vaak
50%
vaak
50%
voor
50%
want
50%
want
50%
wat
50%
wat
50%
weet
50%
weet
50%
weinig
50%
Zeg
50%
zegt
50%
dit
42%
gemist
42%
heb
42%
hier
42%
Ik
42%
inderdaad
42%
je
42%
'K
42%
vaak
42%
vecht
42%
voel
42%
voel
42%
weer
42%
Geen overeenkomende quizzen gevonden
Scoreverdeling
Procent van Mensen met Elke Score
Percentiel versus Aantal Correcte Antwoorden
Uw Scoregeschiedenis
U heeft deze quiz nog niet genomen